<?xml version="1.0" encoding="UTF-8"?>
<record
    xmlns:xsi="http://www.w3.org/2001/XMLSchema-instance"
    xsi:schemaLocation="http://www.loc.gov/MARC21/slim http://www.loc.gov/standards/marcxml/schema/MARC21slim.xsd"
    xmlns="http://www.loc.gov/MARC21/slim">

  <leader>00798nam a2200193 i 4500</leader>
  <controlfield tag="001">92638</controlfield>
  <controlfield tag="003">ES-MaACL</controlfield>
  <controlfield tag="005">20230906181024.0</controlfield>
  <controlfield tag="007">t|</controlfield>
  <controlfield tag="008">050411s1978    sp           ||||1| spa d</controlfield>
  <datafield tag="080" ind1=" " ind2=" ">
    <subfield code="a">017.2(460.27) Soc. Ec. Matr. Am. Pa&#xED;s</subfield>
  </datafield>
  <datafield tag="100" ind1="1" ind2=" ">
    <subfield code="a">Mur Rengifo, Mar&#xED;a del Pilar.</subfield>
    <subfield code="9">84529</subfield>
  </datafield>
  <datafield tag="245" ind1="1" ind2="3">
    <subfield code="a">La biblioteca de la Real Sociedad Econ&#xF3;mica Matritense de Amigos del Pa&#xED;s en 1975 / </subfield>
    <subfield code="c">Mar&#xED;a del Pilar Mur Rengifo.</subfield>
  </datafield>
  <datafield tag="260" ind1=" " ind2=" ">
    <subfield code="a">Madrid : </subfield>
    <subfield code="b">Real Sociedad Econ&#xF3;mica Matritense de Amigos del Pa&#xED;s,</subfield>
    <subfield code="c">[1978]</subfield>
  </datafield>
  <datafield tag="300" ind1=" " ind2=" ">
    <subfield code="a">XXVIII, 753 p. ; </subfield>
    <subfield code="c">19 cm.</subfield>
  </datafield>
  <datafield tag="610" ind1="2" ind2=" ">
    <subfield code="a">Real Sociedad Econ&#xF3;mica Matritense de Amigos del Pa&#xED;s. </subfield>
    <subfield code="b">Biblioteca-</subfield>
    <subfield code="v">Cat&#xE1;logos.</subfield>
    <subfield code="9">6391</subfield>
  </datafield>
  <datafield tag="710" ind1="2" ind2=" ">
    <subfield code="a">Real Sociedad Econ&#xF3;mica Matritense de Amigos del Pa&#xED;s.</subfield>
    <subfield code="9">6389</subfield>
  </datafield>
  <datafield tag="852" ind1=" " ind2=" ">
    <subfield code="a">ES-MaACL</subfield>
    <subfield code="j">E-10937 </subfield>
    <subfield code="b">R.123659</subfield>
  </datafield>
  <datafield tag="999" ind1=" " ind2=" ">
    <subfield code="c">92638</subfield>
    <subfield code="d">92638</subfield>
  </datafield>
  <datafield tag="952" ind1=" " ind2=" ">
    <subfield code="0">0</subfield>
    <subfield code="1">0</subfield>
    <subfield code="4">0</subfield>
    <subfield code="7">0</subfield>
    <subfield code="a">ATENEOM</subfield>
    <subfield code="b">ATENEOM</subfield>
    <subfield code="c">DEPO2</subfield>
    <subfield code="d">2008-01-17</subfield>
    <subfield code="e">SC</subfield>
    <subfield code="l">0</subfield>
    <subfield code="o">E-10937</subfield>
    <subfield code="p">1096712</subfield>
    <subfield code="r">2023-02-23 00:00:00</subfield>
    <subfield code="w">2023-02-23</subfield>
    <subfield code="y">MONOGRAFIA</subfield>
  </datafield>
</record>
